Sports Quiz

Random Sports or NHL Quiz

NHL Suspensions 2010-11 Quiz Stats

 Plays Quiz not verified by Sporcle

Also try: MLB Teams Jumble
Challenge
Share
Tweet
Embed
Score 0/33 Timer 12:00
0 Plays Today
Date Player % Correct
February 9, 2011Matt Cooke
94.1%
March 21, 2011Matt Cooke
94.1%
February 12, 2011Trevor Gillies
76.5%
March 4, 2011Trevor Gillies
76.5%
November 5, 2010Joe Thornton
54.4%
October 18, 2010Shane Doan
48.5%
December 19, 2010Matt Martin
48.5%
February 12, 2011Matt Martin
48.5%
March 16, 2011Dany Heatley
45.6%
February 12, 2011Eric Godard
44.1%
January 14, 2011Mike Brown
33.8%
March 17, 2011Brad Marchand
33.8%
October 22, 2010Rick Rypien
32.4%
April 5, 2011Raffi Torres
32.4%
February 9, 2011Anton Volchenkov
29.4%
December 13, 2010Jody Shelley
26.5%
December 29, 2010Jody Shelley
26.5%
Date Player % Correct
January 8, 2011Ben Eager
26.5%
October 12, 2010James Wisniewski
25%
November 1, 2010Daniel Briere
25%
February 4, 2011Daniel Paille
23.5%
October 27, 2010Stephane Robidas
22.1%
November 18, 2010Olli Jokinen
22.1%
November 13, 2010Brent Burns
20.6%
January 18, 2011Scott Nichol
20.6%
March 10, 2011Pavel Kubina
20.6%
October 10, 2010Pierre-Luc Letourneau Leblond
19.1%
January 9, 2011Tom Kostopoulos
19.1%
October 12, 2010Niklas Hjalmarsson
17.6%
November 18, 2010Mattias Ritola
14.7%
January 14, 2011Shane O'Brien
13.2%
February 23, 2011Scottie Upshall
13.2%
April 1, 2011Jan Hejda
10.3%

You're not logged in!

Compare scores with friends on all Sporcle quizzes.
Join for Free
OR
Log In

You Might Also Like...

Show Comments

Extras

Created Apr 4, 2011ReportNominate
Tags:Hockey Quiz, NHL Quiz

Top Quizzes Today


Score Distribution

Your Account Isn't Verified!

In order to create a playlist on Sporcle, you need to verify the email address you used during registration. Go to your Sporcle Settings to finish the process.

Report this User

Report this user for behavior that violates our Community Guidelines.

Details: